000 00690nam a2200241 a 4500
001 32142
003 BD-RjUL
005 20211209051808.0
008 140424s1893 enk r 000 0 eng d
035 _a(BD-RjUL) 32231
040 _aBOS
_cBOS
_beng
041 _aeng
082 0 4 _219
_aRA 211.3
_bFLT 1893
090 _aBL200
_b.F56 1893a
100 1 _aFlint, Robert,
_d1838-1910.
_997826
245 1 0 _aTheism :
_bbeing the Baird lecture for 1876 /
_cby Robert Flint.
250 _a11 ed., rev.
260 _aLondo :
_bWilliam Blackwood And Sons,
_c1893.
300 _aix, 454 p. ;
_c18 cm.
650 0 _aTheism.
_997828
942 _2ddc
_cRAR
999 _c32142
_d32142